Every Minecraft Enchantment (Java 1.21) - Statistiken

Allgemein
  • Dieses Quiz wurde 210 mal gespielt
  • Das Durchschnittsergebnis liegt bei 23 aus 42
Antwortstatistiken
Item Max Level Entchantment % Korrekt
Anything I Mending
88%
Sword | Axe V Sharpness
87%
Anything III Unbreaking
84%
Armor IV Protection
83%
Bow I Flame
77%
Bow I Infinity
74%
Bow V Power
72%
Armor IV Fire Protection
70%
Fishing Rod III Luck of the Sea
70%
Boots IV Feather Falling
64%
Sword | Mace II Fire Aspect
62%
Armor IV Blast Protection
60%
Sword III Looting
60%
Tools III Fortune
58%
Tools V Efficiency
57%
Crossbow I Multishot
57%
Bow II Punch
57%
Armor IV Thorns
57%
Leggings III Swift Sneak
55%
Sword II Knockback
54%
Crossbow IV Piercing
54%
Tools I Silk Touch
54%
Boots II Frost Walker
52%
Trident III Loyalty
52%
Armor IV Projectile Protection
52%
Helmet I Aqua Affinity
51%
Fishing Rod III Lure
51%
Mace III Wind Burst
49%
Sword | Axe | Mace V Smite
48%
Anything I Curse of Vanishing
46%
Trident III Riptide
46%
Boots III Soul Speed
46%
Sword III Sweeping Edge
46%
Armor | Head I Curse of Binding
43%
Helmet III Respiration
43%
Mace V Density
41%
Crossbow III Quick Charge
41%
Trident I Channeling
40%
Mace IV Breach
38%
Trident V Impaling
33%
Boots III Depth Strider
32%
Sword | Axe | Mace V Bane of Arthropods
31%
Keine übereinstimmenden Quizze gefunden
Verteilung der Resultate
Anzahl Personen mit jedem Resultat
Perzentil nach korrekt beantworteten Fragen
Ihre Resultats-Entwicklung
Sie haben dieses Quiz noch nicht gespielt